[Event "GER-chT Federal Cup (Women)"]
[Site "Braunfels"]
[Date "2017.06.17"]
[Round "4.6"]
[White "Kail, Sindy"]
[Black "Huppertz, Andrea"]
[Result "1/2-1/2"]
[WhiteElo "1850"]
[BlackElo "1850"]
[PlyCount "101"]
[EventDate "2017.06.15"]
[EventType "team-swiss"]
[EventRounds "5"]
[EventCountry "GER"]
[SourceTitle "CBM 179 Extra"]
[Source "ChessBase"]
[SourceDate "2017.08.23"]
[SourceVersion "1"]
[SourceVersionDate "2017.08.23"]
[SourceQuality "1"]
[WhiteTeam "Bayern (W)"]
[BlackTeam "Nordrhein Westfalen (W)"]
[WhiteTeamCountry "GER"]
[BlackTeamCountry "GER"]

1. e4 c5 2. Nf3 Nc6 3. d4 cxd4 4. Nxd4 Nf6 5. Nc3 g6 6. Be3 Bg7 7. Bc4 e6 8. Bb3 a6 9. 0-0 0-0 10. f4 d6 11. a4 Qc7 12. Kh1 Bd7 13. Nxc6 bxc6 14. Qd3 Rfd8 15. Rfd1 Ng4 16. Bg1 d5 17. h3 Nf6 18. e5 Nh5 19. Qf3 Bf8 20. Ne2 c5 21. c4 d4 22. Bc2 Bc6 23. Qf1 Qb7 24. b3 Rab8 25. Kh2 Be4 26. Bxe4 Qxe4 27. Nc1 Qxf4+ 28. Qxf4 Nxf4 29. g3 Nh5 30. Ra2 Bh6 31. Rb2 Bxc1 32. Rxc1 Ng7 33. Kg2 Nf5 34. Kf3 Ne7 35. Ke4 Nc6 36. Bf2 Rb7 37. Be1 Kg7 38. g4 a5 39. Bh4 Rdb8 40. Rcb1 Nb4 41. Bf6+ Kf8 42. Rd1 Nc6 43. Rd3 Nb4 44. Rd1 Rd7 45. Bg5 Nc6 46. Bh6+ Kg8 47. Rd3 Nb4 48. Rd1 d3 49. Be3 Rc8 50. Rbd2 Kg7 51. g5 1/2-1/2

[Event "BL 1213 (Women)"]
[Site "Germany"]
[Date "2013.03.10"]
[Round "11.4"]
[White "Huppertz, Andrea"]
[Black "Gromova, Iulia"]
[Result "0-1"]
[WhiteElo "1864"]
[BlackElo "2226"]
[PlyCount "76"]
[EventDate "2012.10.06"]
[EventType "team-tourn"]
[EventRounds "11"]
[EventCountry "GER"]
[SourceTitle "EXT 2014"]
[Source "ChessBase"]
[SourceDate "2013.11.20"]
[SourceVersion "1"]
[SourceVersionDate "2013.11.20"]
[SourceQuality "1"]
[WhiteTeam "Wattenscheid (W)"]
[BlackTeam "Bad Koenigshofen (W)"]
[WhiteTeamCountry "GER"]
[BlackTeamCountry "GER"]

1. d4 Nf6 2. Nf3 g6 3. Bf4 Bg7 4. e3 0-0 5. Be2 d6 6. h3 Nfd7 7. 0-0 e5 8. Bh2 Nc6 9. c4 Qf6 10. dxe5 Ndxe5 11. Nc3 Be6 12. Nxe5 Nxe5 13. Nd5 Qd8 14. Qc2 b5 15. e4 bxc4 16. Bxe5 Bxe5 17. Bxc4 Rb8 18. Rab1 Qg5 19. Qc1 Qxc1 20. Rfxc1 Bxb2 21. Rc2 Be5 22. Rxb8 Rxb8 23. Bb3 c5 24. Kf1 Kg7 25. h4 f5 26. exf5 gxf5 27. Re2 Rxb3 28. axb3 Bxd5 29. Ra2 Bxb3 30. Rxa7+ Kg6 31. g3 f4 32. g4 Bd1 33. g5 Bc2 34. Ra2 Be4 35. Ra3 c4 36. f3 c3 37. Ke2 c2 38. Kd2 Bb2 0-1

[Event "Mittelrhein-chT 1112"]
[Site "Germany"]
[Date "2012.02.05"]
[Round "8.8"]
[White "Huppertz, Andrea"]
[Black "Popielas, Hans"]
[Result "1-0"]
[WhiteElo "1817"]
[BlackElo "1806"]
[PlyCount "37"]
[EventDate "2011.09.11"]
[EventType "team-tourn"]
[EventRounds "13"]
[EventCountry "GER"]
[SourceTitle "EXT 2013"]
[Source "ChessBase"]
[SourceDate "2012.11.22"]
[SourceVersion "1"]
[SourceVersionDate "2012.11.22"]
[SourceQuality "1"]
[WhiteTeam "Gruenfeld"]
[BlackTeam "Wuerselen"]
[WhiteTeamCountry "GER"]
[BlackTeamCountry "GER"]

1. d4 d5 2. Nf3 e6 3. Bf4 Nf6 4. e3 Nbd7 5. h3 Ne4 6. Nbd2 Ndf6 7. Ne5 Nxd2 8. Qxd2 Ne4 9. Qd1 Bd6 10. Bb5+ Kf8 11. 0-0 f6 12. f3 fxe5 13. dxe5 Bxe5 14. fxe4 Bxf4 15. Rxf4+ Kg8 16. Qh5 g6 17. Qe5 c6 18. Raf1 Bd7 19. Rf7 1-0

[Event "Mittelrhein-chT 1112"]
[Site "Germany"]
[Date "2011.09.11"]
[Round "1.8"]
[White "Arlt, Klaus"]
[Black "Huppertz, Andrea"]
[Result "1-0"]
[WhiteElo "1959"]
[BlackElo "1817"]
[PlyCount "47"]
[EventDate "2011.09.11"]
[EventType "team-tourn"]
[EventRounds "13"]
[EventCountry "GER"]
[SourceTitle "EXT 2013"]
[Source "ChessBase"]
[SourceDate "2012.11.22"]
[SourceVersion "1"]
[SourceVersionDate "2012.11.22"]
[SourceQuality "1"]
[WhiteTeam "Koeln Muelheim"]
[BlackTeam "Gruenfeld"]
[WhiteTeamCountry "GER"]
[BlackTeamCountry "GER"]

1. c4 c6 2. e4 d5 3. exd5 cxd5 4. cxd5 Qxd5 5. Nc3 Qd8 6. d4 Nf6 7. Nf3 Bg4 8. h3 Bxf3 9. Qxf3 Qb6 10. Bb5+ Nbd7 11. Be3 a6 12. Ba4 Qxb2 13. 0-0 Rc8 14. Rab1 Qa3 15. Qxb7 Rd8 16. Rb3 Qd6 17. d5 e5 18. dxe6 Qxe6 19. Bb6 Be7 20. Bxd8 Bxd8 21. Rd1 Ke7 22. Bxd7 Nxd7 23. Nd5+ Kf8 24. Nf4 1-0

[Event "Regionalliga Mittelrhein 1011"]
[Site "Germany"]
[Date "2011.04.10"]
[Round "8.7"]
[White "Huppertz, Andrea"]
[Black "Sondors, Peteris"]
[Result "0-1"]
[WhiteElo "1811"]
[BlackElo "2030"]
[PlyCount "66"]
[EventDate "2010.10.24"]
[EventType "team"]
[EventRounds "9"]
[EventCountry "GER"]
[SourceTitle "EXT 2015"]
[Source "ChessBase"]
[SourceDate "2014.11.20"]
[SourceVersion "1"]
[SourceVersionDate "2014.11.20"]
[SourceQuality "1"]
[WhiteTeam "Gruenfeld"]
[BlackTeam "Godesberg III"]
[WhiteTeamCountry "GER"]
[BlackTeamCountry "GER"]

1. d4 Nf6 2. Nf3 d5 3. Bf4 Bf5 4. e3 e6 5. Nc3 c6 6. Bd3 Bxd3 7. Qxd3 Bb4 8. 0-0 h6 9. h4 Nbd7 10. a3 Bxc3 11. bxc3 Ne4 12. c4 g5 13. cxd5 exd5 14. Bg3 g4 15. Nd2 Ndf6 16. Rfb1 Nxd2 17. Qxd2 Ne4 18. Qd3 b6 19. a4 0-0 20. c4 Re8 21. Rc1 Re6 22. Qe2 h5 23. Ra3 Nxg3 24. fxg3 Qd6 25. cxd5 Qxa3 26. Rxc6 Qxe3+ 27. Qxe3 Rxe3 28. Kf2 Rd3 29. Rh6 Rxd4 30. Rxh5 Rd8 31. Rg5+ Kf8 32. Rh5 R8xd5 33. Rh8+ Kg7 0-1

[Event "Leverkusen-ch op"]
[Site "Leverkusen"]
[Date "2010.02.22"]
[Round "3"]
[White "Werner, Michael"]
[Black "Huppertz, Andrea"]
[Result "1-0"]
[WhiteElo "2115"]
[BlackElo "1865"]
[PlyCount "145"]
[EventDate "2010.01.18"]
[EventType "swiss"]
[EventRounds "7"]
[EventCountry "GER"]
[SourceTitle "EXT 2011"]
[Source "ChessBase"]
[SourceDate "2010.11.26"]
[SourceVersion "1"]
[SourceVersionDate "2010.11.26"]
[SourceQuality "1"]

1. d4 d5 2. c4 c6 3. Nf3 Nf6 4. Nc3 a6 5. a4 e6 6. Bg5 a5 7. e3 Be7 8. Be2 Na6 9. 0-0 0-0 10. Ne5 Nd7 11. Bf4 Nxe5 12. Bxe5 Bd6 13. Bg3 Nb4 14. b3 b6 15. Na2 Nxa2 16. Rxa2 Bb7 17. Rc2 Bxg3 18. hxg3 Qe7 19. Qd2 Ba6 20. cxd5 Bxe2 21. Qxe2 cxd5 22. Qb5 Qb4 23. Rc6 Rfb8 24. Rfc1 g6 25. Kf1 Kg7 26. Qxb4 axb4 27. Ra1 Ra5 28. Ke2 b5 29. Rc5 Rba8 30. Kd3 Kf8 31. e4 dxe4+ 32. Kxe4 bxa4 33. Rxa5 Rxa5 34. Rxa4 Rf5 35. Ra2 Rd5 36. Ra8+ Ke7 37. Rb8 Rf5 38. f4 Rh5 39. Rxb4 Rh1 40. Rb7+ Kf6 41. g4 Re1+ 42. Kf3 Rd1 43. g5+ Kg7 44. Rb4 Kf8 45. Ke2 Rg1 46. Kf2 Rd1 47. Rc4 Ke7 48. Ke3 Kd6 49. Rb4 Re1+ 50. Kf2 Rd1 51. g3 Rd3 52. Rb7 Rxd4 53. Rxf7 Rd2+ 54. Kg1 Rd3 55. Kg2 Rxb3 56. Rxh7 Rb2+ 57. Kh3 e5 58. Rg7 e4 59. Rxg6+ Kd5 60. Rg8 Ke6 61. Kg4 Kf7 62. Rc8 Rb7 63. Rc3 Ke6 64. g6 Rg7 65. Kg5 Kd5 66. Kf6 Kd4 67. Rc1 Rg8 68. Kf7 Rb8 69. g7 Kd3 70. g8Q Rxg8 71. Kxg8 Kd2 72. Ra1 e3 73. f5 1-0

[Event "BL2 West 0809 (Women)"]
[Site "Germany"]
[Date "2008.12.07"]
[Round "4.2"]
[White "Kopylov, Luba"]
[Black "Huppertz, Andrea"]
[Result "1/2-1/2"]
[WhiteElo "2202"]
[BlackElo "1842"]
[PlyCount "33"]
[EventDate "2008.11.08"]
[EventType "team-tourn"]
[EventRounds "7"]
[EventCountry "GER"]
[SourceTitle "EXT 2010"]
[Source "ChessBase"]
[SourceDate "2010.11.25"]
[SourceVersion "1"]
[SourceVersionDate "2010.11.25"]
[SourceQuality "1"]
[WhiteTeam "Kiel Doppelbauer (W)"]
[BlackTeam "Erftstadt SV (W)"]
[WhiteTeamCountry "GER"]
[BlackTeamCountry "GER"]

1. d4 d5 2. c4 c6 3. cxd5 cxd5 4. Nc3 Nf6 5. Nf3 Nc6 6. Bf4 a6 7. e3 Bg4 8. h3 Bxf3 9. Qxf3 e6 10. Rc1 Bd6 11. Bxd6 Qxd6 12. Bd3 0-0 13. 0-0 Rac8 14. Rfd1 Rc7 15. Bb1 Rfc8 16. e4 e5 17. Qg3 1/2-1/2

[Event "Maastricht Limburg op"]
[Site "Maastricht"]
[Date "2008.05.12"]
[Round "6"]
[White "Huppertz, Andrea"]
[Black "Hahn, Gerard"]
[Result "1-0"]
[WhiteElo "1839"]
[BlackElo "1993"]
[PlyCount "71"]
[EventDate "2008.05.09"]
[EventType "swiss"]
[EventRounds "7"]
[EventCountry "NED"]
[SourceTitle "EXT 2009"]
[Source "ChessBase"]
[SourceDate "2008.11.26"]
[SourceVersion "1"]
[SourceVersionDate "2008.11.26"]
[SourceQuality "1"]

1. d4 Nf6 2. Bf4 e6 3. e3 d5 4. c3 c5 5. Bd3 Nc6 6. Nd2 Be7 7. h3 0-0 8. Ngf3 cxd4 9. exd4 a6 10. Ne5 Nxe5 11. dxe5 Nd7 12. h4 f5 13. Nf3 Nc5 14. h5 Qb6 15. Rb1 Ne4 16. Be3 Bc5 17. Bxc5 Qxc5 18. Qc2 Qc7 19. h6 g6 20. c4 dxc4 21. Qxc4 Qxc4 22. Bxc4 b5 23. Bb3 Nc5 24. Nd4 Nd3+ 25. Ke2 Nxe5 26. Nxe6 Bxe6 27. Bxe6+ Nf7 28. Kf3 Rfe8 29. Bb3 Kf8 30. Bxf7 Kxf7 31. Rhe1 g5 32. Rbc1 Rxe1 33. Rxe1 Re8 34. Rxe8 Kxe8 35. g4 f4 36. Ke4 1-0

[Event "Leverkusen-ch op"]
[Site "Leverkusen"]
[Date "2008.04.14"]
[Round "7"]
[White "Weiler, Wolfgang"]
[Black "Huppertz, Andrea"]
[Result "1-0"]
[WhiteElo "2170"]
[BlackElo "1719"]
[PlyCount "59"]
[EventDate "2008.01.14"]
[EventType "swiss"]
[EventRounds "7"]
[EventCountry "GER"]
[SourceTitle "EXT 2010"]
[Source "ChessBase"]
[SourceDate "2010.11.25"]
[SourceVersion "1"]
[SourceVersionDate "2010.11.25"]
[SourceQuality "1"]

1. e4 c5 2. Nc3 d6 3. f4 g6 4. Nf3 Bg7 5. Bc4 Nc6 6. d3 Nf6 7. 0-0 Bg4 8. Qe1 Bxf3 9. Rxf3 Nd4 10. Rf2 0-0 11. h3 e6 12. Nd1 b5 13. Bb3 Nd7 14. c3 Qa5 15. Bc2 Nc6 16. Ne3 Qc7 17. Bd2 a5 18. Rf1 Nb6 19. f5 exf5 20. exf5 Rae8 21. f6 Bh6 22. Qh4 Bxe3+ 23. Bxe3 Nd8 24. Bh6 Re2 25. Bxf8 h5 26. Bd1 Rxb2 27. Be7 Ne6 28. Bxh5 g5 29. Bxf7+ Kxf7 30. Qh5+ 1-0

[Event "Leverkusen-ch op"]
[Site "Leverkusen"]
[Date "2008.03.16"]
[Round "6"]
[White "Huppertz, Andrea"]
[Black "Heller, Helmut"]
[Result "1-0"]
[WhiteElo "1719"]
[BlackElo "1486"]
[PlyCount "79"]
[EventDate "2008.01.14"]
[EventType "swiss"]
[EventRounds "7"]
[EventCountry "GER"]
[SourceTitle "EXT 2010"]
[Source "ChessBase"]
[SourceDate "2010.11.25"]
[SourceVersion "1"]
[SourceVersionDate "2010.11.25"]
[SourceQuality "1"]

1. d4 Nf6 2. Bf4 d5 3. e3 e6 4. Nf3 Nbd7 5. h3 c5 6. c3 Qb6 7. Qb3 Qxb3 8. axb3 cxd4 9. exd4 a6 10. Bd3 Be7 11. 0-0 0-0 12. b4 Nb6 13. b5 Nc4 14. Bxc4 dxc4 15. Nbd2 Bd7 16. bxa6 bxa6 17. Nxc4 Bb5 18. Nfd2 Nd5 19. Bh2 Rfc8 20. b3 Nxc3 21. Rfe1 Nd5 22. Bd6 Bd8 23. Bc5 h6 24. Ne4 Be7 25. Ra3 Rcb8 26. Rea1 Nb6 27. Bd6 Nxc4 28. bxc4 Bxd6 29. Nxd6 Bd7 30. Rxa6 Rxa6 31. Rxa6 Rb1+ 32. Kh2 Rb8 33. Ra7 Be8 34. c5 Kf8 35. Kg3 f6 36. Nxe8 Rxe8 37. Kf3 Rd8 38. Ke4 f5+ 39. Ke5 Re8 40. c6 1-0